000 00873nam a22002777a 4500
001 22165
005 20260407095541.0
008 260331b |||||||| |||| 00| 0 spa d
022 _a31197671
041 _aESP
082 _aHR 346 MAR 2026
_bPCP
100 _a,
110 _aGrupo Praxis
245 _aPraxis civil & procesal civil
260 _aLima :
_bGrupo Praxis,
_c2026
300 _a256 páginas :
_bcuadros ;
_c24 cm.
440 _a(Derecho civil)
505 _aNúmero 2, marzo 2026
650 _aCIS
653 _aDerecho; Derecho procesal civil
654 _aCDE
700 _a;
856 _uhttps://zonadelsuscriptor.praxisperu.pe/biblioteca/public/library.php
_zVersión digital
856 _uhttps://itmsp.museknowledge.com/UCSP?groupID=2&action=source&sourceID=vLex_IP
_zVéase además: Base de datos Vlex
942 _cREV
_dJUS
_fTRC
_n0
_2ddc
999 _c22165
_d22165